Statistics for Best of Belgium Picture Quiz

Click here to take the quiz!

General Stats

  • This quiz has been taken 101 times
  • The average score is 8 of 11

Answer Stats

Answer% Correct
Tintin
92%
Beer
91%
Bruges
91%
Waffle
90%
Chocolate
89%
Atomium
84%
Moules Frites
84%
Manneken Pis
72%
Eddy Merckx
71%
Spa-Francorchamps
49%
Hercule Poirot
29%

Score Distribution

Percentile by Number Answered

Percent of People with Each Score

Your Score History

You have not taken this quiz